Welcome to CU Library Online Public Access Catalogue (OPAC)

Marketing : (Record no. 4362)

MARC details
000 -LEADER
fixed length control field 00803cam a2200241 a 4500
001 - CONTROL NUMBER
control field 15439661
005 - DATE AND TIME OF LATEST TRANSACTION
control field 20250225185732.0
008 - FIXED-LENGTH DATA ELEMENTS--GENERAL INFORMATION
fixed length control field 080905s2009 mauab b 001 0 eng
020 ## - INTERNATIONAL STANDARD BOOK NUMBER
International Standard Book Number 9780073381060 (alk. paper)
020 ## - INTERNATIONAL STANDARD BOOK NUMBER
International Standard Book Number 0073381063 (alk. paper)
050 00 - LIBRARY OF CONGRESS CALL NUMBER
Classification number HF5415
Item number .K452 2009
082 00 - DEWEY DECIMAL CLASSIFICATION NUMBER
Classification number 658.8
Edition information 22
100 1# - MAIN ENTRY--PERSONAL NAME
Personal name Kerin, Roger A.
245 10 - TITLE STATEMENT
Title Marketing :
Remainder of title the core /
Statement of responsibility, etc. Roger A. Kerin, Steven W. Hartley, William Rudelius.
250 ## - EDITION STATEMENT
Edition statement 3/e.
260 ## - PUBLICATION, DISTRIBUTION, ETC.
Place of publication, distribution, etc. Boston :
Name of publisher, distributor, etc. McGraw-Hill Irwin,
Date of publication, distribution, etc. c2009.
300 ## - PHYSICAL DESCRIPTION
Extent xli, 493 p. :
Other physical details ill. (chiefly col.), col. maps ;
Dimensions 28 cm.
650 #0 - SUBJECT ADDED ENTRY--TOPICAL TERM
Topical term or geographic name entry element Marketing.
700 1# - ADDED ENTRY--PERSONAL NAME
Personal name Hartley, Steven William.
700 1# - ADDED ENTRY--PERSONAL NAME
Personal name Rudelius, William.
856 41 - ELECTRONIC LOCATION AND ACCESS
Materials specified Table of contents only
Uniform Resource Identifier <a href="http://www.loc.gov/catdir/toc/ecip0827/2008039064.html">http://www.loc.gov/catdir/toc/ecip0827/2008039064.html</a>
942 ## - ADDED ENTRY ELEMENTS (KOHA)
Source of classification or shelving scheme Library of Congress Classification
Koha item type Books
Edition 3/e
Suppress in OPAC No
999 ## -
-- 4362
-- 4362
Holdings
Withdrawn status Lost status Source of classification or shelving scheme Damaged status Not for loan Collection Home library Current library Shelving location Date acquired Total checkouts Full call number Barcode Date last seen Copy number Price effective from Koha item type
    Library of Congress Classification     Non-fiction Business Library (Miotso) Business Library (Miotso) General stacks 02/25/2025   HF5415 .K452 2009 BSSM00001009 02/25/2025 1 02/25/2025 Books
    Library of Congress Classification     Non-fiction Business Library (Miotso) Business Library (Miotso) General stacks 02/25/2025   HF5415 .K452 2009 BSSM00001016 02/25/2025 2 02/25/2025 Books
    Library of Congress Classification     Non-fiction Business Library (Miotso) Business Library (Miotso) General stacks 02/25/2025   HF5415 .K452 2009 BSSM00001017 02/25/2025 3 02/25/2025 Books
    Library of Congress Classification     Non-fiction Business Library (Miotso) Business Library (Miotso) General stacks 02/25/2025   HF5415 .K452 2009 BSSM00001018 02/25/2025 4 02/25/2025 Books
    Library of Congress Classification     Non-fiction Business Library (Miotso) Business Library (Miotso) General stacks 02/25/2025   HF5415 .K452 2009 BSSM00001019 02/25/2025 5 02/25/2025 Books
© 2023-2024 Copyright: Central University Libraries. All Rights Reserved | Created by: Mahone Tech Office